History Quiz

Random History or State Quiz
Score 0/40 Timer 08:00
0 Plays Today
Location Yes or No % Correct
Lynyrd Skynyrd's 'Sweet Home'???
92.4%
Disney World???
89.1%
The first Walmart???
86.2%
Jackson, a state capital???
85.4%
Cape Canaveral???
82.7%
State that George Wallace governed???
82.1%
The Alamo???
81.9%
The Big Bang Theory setting???
81.8%
Clemson University???
81.7%
The Grand Old Opry???
81.5%
South Park, in 'South Park'???
79.2%
Where Drew Brees plays pro football???
76%
Acadia National Park???
75.1%
HQ of Centers for Disease Control and Prevention???
74.4%
Rock & Roll Hall of Fame???
74.3%
Rutgers University???
74.1%
Mayberry, from two TV series???
72.4%
Where Mike Pence was governor???
72.3%
The Outer Banks???
72.3%
CIA headquarters???
68.6%
Location Yes or No % Correct
Oak Ridge National Laboratory???
68.4%
White House???
68.1%
The Pentagon???
67.4%
The law firm, in Grisham's 'The Firm'???
66.6%
Setting for Faulkner's 'The Sound and the Fury'???
64%
Hillary Clinton's childhood home???
63%
John Denver's home per 'Country Roads'???
61.9%
Mammoth Cave National Park???
61.5%
Stephen Colbert's childhood home???
61.1%
Only producing U.S. diamond mine???
58.9%
Setting for TV's 'Designing Women'???
58.5%
Where 'the Music Died'???
51.3%
Churchill Downs???
51%
Highest U.S. point east of the Mississippi???
47.9%
Sen. Ted Cruz's birthplace???
46.9%
Larry the Cable Guy's birthplace???
46.2%
Site of Battle of Antietam???
44.1%
Big Bend National Park???
42.4%
Headquarters of the Choctaw Nation???
40.8%
Westboro Baptist Church???
39.4%
Remove Ads.
Support Sporcle.
Get the best of Sporcle when you Go Orange. This ad-free experience offers more features, more stats, and more fun while also helping to support Sporcle. Thank you for becoming a member.

You're not logged in!

Compare scores with friends on all Sporcle quizzes.
OR
Log In

Show Comments

Extras

Top Quizzes Today


Score Distribution

Your Account Isn't Verified!

In order to create a playlist on Sporcle, you need to verify the email address you used during registration. Go to your Sporcle Settings to finish the process.

Report this User

Report this user for behavior that violates our Community Guidelines.

Details: